<?xml version="1.0" encoding="UTF-8"?><?xml-stylesheet type="text/xsl" href="static/style.xsl"?><OAI-PMH xmlns="http://www.openarchives.org/OAI/2.0/" xmlns:xsi="http://www.w3.org/2001/XMLSchema-instance" xsi:schemaLocation="http://www.openarchives.org/OAI/2.0/ http://www.openarchives.org/OAI/2.0/OAI-PMH.xsd"><responseDate>2026-06-29T07:22:33Z</responseDate><request verb="GetRecord" identifier="oai:docta.ucm.es:20.500.14352/132720" metadataPrefix="marc">https://docta.ucm.es/rest/oai/request</request><GetRecord><record><header><identifier>oai:docta.ucm.es:20.500.14352/132720</identifier><datestamp>2026-02-24T00:54:54Z</datestamp><setSpec>com_20.500.14352_14</setSpec><setSpec>col_20.500.14352_15</setSpec></header><metadata><record xmlns="http://www.loc.gov/MARC21/slim" xmlns:dcterms="http://purl.org/dc/terms/" xmlns:xsi="http://www.w3.org/2001/XMLSchema-instance" xmlns:doc="http://www.lyncode.com/xoai" xsi:schemaLocation="http://www.loc.gov/MARC21/slim http://www.loc.gov/standards/marcxml/schema/MARC21slim.xsd">
   <leader>00925njm 22002777a 4500</leader>
   <datafield ind2=" " ind1=" " tag="042">
      <subfield code="a">dc</subfield>
   </datafield>
   <datafield ind2=" " ind1=" " tag="720">
      <subfield code="a">Poveda Criado, Miguel Ángel</subfield>
      <subfield code="e">author</subfield>
   </datafield>
   <datafield ind2=" " ind1=" " tag="720">
      <subfield code="a">Thous Tuset, Carmen</subfield>
      <subfield code="e">author</subfield>
   </datafield>
   <datafield ind2=" " ind1=" " tag="720">
      <subfield code="a">Gómez Martínez, Pedro Javier</subfield>
      <subfield code="e">author</subfield>
   </datafield>
   <datafield ind2=" " ind1=" " tag="260">
      <subfield code="c">2012-11-05</subfield>
   </datafield>
   <datafield ind2=" " ind1=" " tag="520">
      <subfield code="a">El cine, en tanto que medio de expresión de masas, siempre ha sido y es un reflejo de la sociedad. Las películas muestran en todo momento una reflexión sobre el contexto en el que se realizan. Así, cuando el cine norteamericano decide reflejar la realidad política de manera explícita, tenemos que pensar que no estamos ante la ruptura de una tradición, sino ante su continuidad, ya que el cine de Hollywood siempre se encarga de mostrar un modelo de sociedad capitalista, ya sea para criticarlo o para glorificarlo Las películas que se centran en la actual crisis económica se basan en seguir esta doble tendencia.</subfield>
   </datafield>
   <datafield ind2=" " ind1=" " tag="520">
      <subfield code="a">The film, while the mass medium of expression has always been and is a reflection of society. The films shown at all times a reflection on the context in which they are made. Thus, when the American film decides to reflect the political reality explicitly, we think that we are at the breaking of a tradition, but to its continuation, as the Hollywood film ever is responsible for displaying a model of capitalist society, either to criticize or to glorify films that focus on the current economic crisis are based on double follow this trend.</subfield>
   </datafield>
   <datafield ind1="8" ind2=" " tag="024">
      <subfield code="a">Criado, M.A.P., Tous, C, Gómez, P.J. El tratamiento de la crisis económica y financiera en el cine de Hollywood. (2012). Comunicación Y Hombre, 8, 25-38. https://doi.org/10.32466/eufv-cyh.2012.8.429.25-38</subfield>
   </datafield>
   <datafield ind1="8" ind2=" " tag="024">
      <subfield code="a">1885-365X</subfield>
   </datafield>
   <datafield ind1="8" ind2=" " tag="024">
      <subfield code="a">10.32466/eufv-cyh.2012.8.429.25-38</subfield>
   </datafield>
   <datafield ind1="8" ind2=" " tag="024">
      <subfield code="a">https://hdl.handle.net/20.500.14352/132720</subfield>
   </datafield>
   <datafield ind1="8" ind2=" " tag="024">
      <subfield code="a">1885-9542</subfield>
   </datafield>
   <datafield ind1="8" ind2=" " tag="024">
      <subfield code="a">https://doi.org/10.32466/eufv-cyh.2012.8.429.25-38</subfield>
   </datafield>
   <datafield ind1="8" ind2=" " tag="024">
      <subfield code="a">https://portalderevistas.ufv.es/index.php/comunicacionyhombre/article/view/429</subfield>
   </datafield>
   <datafield ind2="0" ind1="0" tag="245">
      <subfield code="a">El tratamiento de la crisis económica y financiera en Hollywood</subfield>
   </datafield>
   <datafield ind2="0" ind1="0" tag="245">
      <subfield code="a">The treatment of economic and financial crisis in Hollywood cinema</subfield>
   </datafield>
</record></metadata></record></GetRecord></OAI-PMH>